00959nam a2200241 i 4500001000300000245011700003250001200120260004800132300006300180500002300243500010400266500009300370650002000463655002800483700003900511040000800550041000800558080001800566942000700584008004100591999001700632952006800649bg00aKomputerowy słownik języka polskiego PWN [Dokument elektroniczny] /c[red. prow. Jadwiga Linde-Usiekniewicz]. aWyd. 2. aWarszawa :bWydawnictwo Naukowe PWN,c1998. a1 dysk optyczny (CD-ROM) :bkolor. ;c12 cm +eInstrukcja. aTyt. z ekranu tyt. aDokument towarzyszący: Komputerowy słownik języka polskiego : instrukcja. 47 s. : il. ; 21 cm. aWymagania systemowe: IBM PC; Windows 95 lub nowsze; karta dźwiękowa; czytnik CD-ROM. 9aSłownik polski aDokumenty elektroniczne1 aLINDE-USIEKNIEWICZ, Jadwiga.eRed. cBPK0 apol a811.162.1'374 cCD s pl f |000 0 pol  c24009d24009 00104071aBPKbBPKccoCD 1037p02233130t0/9(0.034.2) DeyCD